Groups of Three- History - Statistics

General Stats
  • This quiz has been taken 2,485 times
    1,738 since last reset
  • The average score is 19 of 36
Answer Stats
Hint Answer % Correct
Winston Churchill
93%
Plato
86%
Aristotle
83%
Great Greek Philosophers Socrates
81%
Astronauts of Apollo 11 Neil Armstrong
78%
Santa Maria
78%
Elizabeth I
72%
Pinta
70%
Edwin Aldrin
69%
Columbus's Three Ships Nina
69%
Children of Henry VIII** Mary I
68%
David
64%
WWII UK Prime Ministers* Neville Chamberlain
63%
Deadliest WWI Battles Somme
57%
Solomon
55%
Caesar Augustus
54%
Edward VI
54%
Order of Greek Columns Doric
52%
Ionian
52%
Jurassic
52%
Clergy
51%
France's Three Estates Nobility
50%
Corinthian
48%
Commoners
45%
Second Roman Triumvirate Mark Antony
42%
Kings of United Israel Saul
37%
Verdun
35%
Mesozoic Geologic Eras Triassic
34%
Clement Attlee
30%
Michael Collins
29%
Umayyad
27%
Third Ypres
24%
Cretaceous
23%
Marcus Lepidus
21%
Abbasid
18%
Main Islamic Caliphates Rashidun
8%
No matching quizzes found
Score Distribution
Percent of People with Each Score
Percentile by Number Answered
Your Score History
You have not taken this quiz since the last reset